[Event "PRO League Group Stage"]
[Site "chess.com INT"]
[Date "2018.01.31"]
[Round "3"]
[White "Kantans, Toms"]
[Black "Demidov, Mikhail"]
[Result "1-0"]
[WhiteTitle "GM"]
[BlackTitle "IM"]
[WhiteElo "2478"]
[BlackElo "2523"]
[WhiteTeam "Riga Magicians"]
[BlackTeam "Volga Stormbringers"]
[WhiteFideId "11602945"]
[BlackFideId "4197143"]
[EventDate "2018.01.18"]

1. e4 e6 2. c4 d5 3. cxd5 exd5 4. exd5 Nf6 5. Nc3 Nxd5 6. Nf3 Bb4 7. a3 Bxc3 8.
dxc3 O-O 9. Be2 Nc6 10. O-O Re8 11. Re1 Bg4 12. Bg5 Qd7 13. h3 Bh5 14. Qd2 f6
15. Bh4 Rad8 16. Rad1 Bf7 17. Bg3 Qc8 18. Qc2 Bg6 19. Qb3 Bf7 20. Qa4 Nb6 21.
Qf4 Rxd1 22. Bxd1 Rxe1+ 23. Nxe1 Nc4 24. Nd3 N6e5 25. Nxe5 Nxe5 26. Bc2 Bg6 27.
Bxg6 hxg6 28. Qe4 Nf7 29. Qxg6 c6 30. Bf4 Qe6 31. Qd3 Qe1+ 32. Qf1 Qe4 33. Qc1
a5 34. Qe3 Qd5 35. a4 b5 36. axb5 cxb5 37. Kh2 a4 38. f3 Qb3 39. Qe8+ Kh7 40.
Qd7 g5 41. Be3 Kg6 42. Bd4 Ne5 43. Qe8+ Kh6 44. h4 gxh4 45. Be3+ Kg7 46. Qe7+
Qf7 47. Qc5 Qd7 48. Bd4 Nf7 49. Qh5 Qd6+ 50. Kh1 Qg3 51. Qf5 Qg5 52. Qd7 h3 53.
Qxh3 Qc1+ 54. Kh2 Qxb2 55. Qg4+ Kf8 56. Bxf6 Nd6 57. Qe6 Nf5 58. Qxf5 Qa3 59.
Qe6 1-0

[Event "PRO League Group Stage"]
[Site "chess.com INT"]
[Date "2018.01.31"]
[Round "3"]
[White "Van Wely, Loek"]
[Black "Alekseenko, Kirill"]
[Result "0-1"]
[WhiteTitle "GM"]
[BlackTitle "GM"]
[WhiteElo "2656"]
[BlackElo "2594"]
[WhiteTeam "Amsterdam Mosquitoes"]
[BlackTeam "Stockholm Snowballs"]
[WhiteFideId "1000268"]
[BlackFideId "4135539"]
[EventDate "2018.01.18"]

1. d4 d5 2. c4 dxc4 3. e4 Nf6 4. e5 Nd5 5. Bxc4 Nb6 6. Bb3 Nc6 7. Ne2 Bf5 8.
Nbc3 e6 9. O-O Qd7 10. a3 O-O-O 11. Be3 Kb8 12. Qc1 Ne7 13. Ng3 Bg6 14. Nce4
Ned5 15. Bg5 Rc8 16. Nc5 Qe8 17. Re1 Nd7 18. Ba4 c6 19. Nce4 h6 20. Bd2 h5 21.
h4 f6 22. exf6 gxf6 23. b4 Rg8 24. Bb3 Bxe4 25. Nxe4 Qg6 26. g3 e5 27. Kg2 Be7
28. Nc3 Bd6 29. Qb1 N7b6 30. Qxg6 Rxg6 31. Ne4 Bc7 32. dxe5 Bxe5 33. Rad1 Rd8
34. Kh3 Rg7 35. Nc5 Rgg8 36. Bc1 Rge8 37. Bc2 Nc4 38. Bg6 Rh8 39. Bc2 b5 40. Rd3
Bd6 41. Ne4 Ne5 42. Rdd1 Bc7 43. Nc5 Rde8 44. Bb3 Nc3 45. Rd4 Ng4 46. Rxe8+ Rxe8
47. f3 Ne2 48. Rd7 Nxc1 49. Na6+ Kb7 50. Nxc7 Nf2+ 51. Kg2 Re2 52. Kf1 Nh1 53.
Be6 Nxg3+ 54. Kg1 c5 55. Rg7 Kc6 56. bxc5 Nd3 57. Bb3 Re1+ 58. Kg2 Nf5 59. Rf7
Nf4+ 60. Kf2 Re2+ 61. Kg1 Rg2+ 62. Kf1 Ne3+ 63. Ke1 Nd3# 0-1

[Event "PRO League Group Stage"]
[Site "chess.com INT"]
[Date "2018.01.31"]
[Round "3"]
[White "Van Wely, Loek"]
[Black "Agrest, Evgenij"]
[Result "1-0"]
[WhiteTitle "GM"]
[BlackTitle "GM"]
[WhiteElo "2656"]
[BlackElo "2584"]
[WhiteTeam "Amsterdam Mosquitoes"]
[BlackTeam "Stockholm Snowballs"]
[WhiteFideId "1000268"]
[BlackFideId "1705024"]
[EventDate "2018.01.18"]

1. c4 c6 2. Nf3 d5 3. b3 Bf5 4. Bb2 e6 5. e3 Nd7 6. Be2 h6 7. O-O Ngf6 8. Nc3
Bd6 9. d3 Qe7 10. cxd5 cxd5 11. Nb5 a6 12. Nxd6+ Qxd6 13. a4 Qb6 14. Ba3 Ng8 15.
Qc2 Ne7 16. Rfc1 Nc6 17. Qb2 f6 18. b4 Kf7 19. b5 axb5 20. axb5 Nce5 21. Qc3
Nxf3+ 22. gxf3 Rhd8 23. Qb4 Kg8 24. e4 Bg6 25. Qe7 Bf7 26. Bd6 Qxb5 27. Rab1 Qa4
28. Bd1 Qd4 29. Bc7 Re8 30. Qxd7 Ra2 31. Bg3 Qxd3 32. Rxb7 Rf8 33. exd5 exd5 34.
Bb3 Rd2 35. Rc8 Qg6 36. Rxf8+ Kxf8 37. Rb8+ Be8 38. Rxe8+ Qxe8 39. Bd6+ 1-0

[Event "PRO League Group Stage"]
[Site "chess.com INT"]
[Date "2018.01.31"]
[Round "3"]
[White "Ke, Ivan"]
[Black "Gorovets, Andrey"]
[Result "1/2-1/2"]
[BlackTitle "GM"]
[WhiteElo "2207"]
[BlackElo "2517"]
[WhiteTeam "San Jose Hackers"]
[BlackTeam "Dallas Destiny"]
[WhiteFideId "30914477"]
[BlackFideId "13504037"]
[EventDate "2018.01.18"]

1. d4 d6 2. Nf3 Nf6 3. g3 g6 4. Bg2 Bg7 5. O-O O-O 6. c4 c5 7. dxc5 dxc5 8. Ne5
Qb6 9. Nc3 Nbd7 10. Nd3 Qc7 11. Nb5 Qb8 12. Be3 a6 13. Nc3 Qc7 14. Na4 Ng4 15.
Bxc5 Nxc5 16. Naxc5 Rb8 17. Qc2 Bf5 18. e4 Bc8 19. Nb3 b5 20. c5 Be6 21. Nb4 a5
22. Nd5 Qa7 23. a4 Rfc8 24. c6 Ne5 25. c7 Bxd5 26. cxb8=Q Qxb8 27. Qd1 Bc4 28.
Nxa5 Bxf1 29. Bxf1 bxa4 30. Rxa4 Qxb2 31. Nc4 Nxc4 32. Rxc4 Rxc4 33. Bxc4 Bd4
34. Qe2 Qxe2 35. Bxe2 e6 36. Kg2 e5 1/2-1/2

[Event "PRO League Group Stage"]
[Site "chess.com INT"]
[Date "2018.01.31"]
[Round "3"]
[White "Ke, Ivan"]
[Black "Xiong, Jeffery"]
[Result "0-1"]
[BlackTitle "GM"]
[WhiteElo "2207"]
[BlackElo "2634"]
[WhiteTeam "San Jose Hackers"]
[BlackTeam "Dallas Destiny"]
[WhiteFideId "30914477"]
[BlackFideId "2047640"]
[EventDate "2018.01.18"]

1. d4 Nf6 2. Nf3 g6 3. c4 Bg7 4. g3 O-O 5. Bg2 c6 6. O-O d5 7. b3 dxc4 8. bxc4
c5 9. Bb2 cxd4 10. Nxd4 Nfd7 11. Qc2 Na6 12. Rd1 Qb6 13. e3 Ne5 14. Nb3 Nb4 15.
Qe2 Bg4 16. f3 Nxf3+ 17. Bxf3 Bxf3 18. Qxf3 Bxb2 19. N1d2 Bxa1 20. Nxa1 Rad8 21.
Nab3 Nxa2 22. Ra1 Nb4 23. c5 Qc6 24. Rxa7 Rd7 25. Qxc6 Nxc6 26. Ra2 Rfd8 27. Kf1
Rd3 28. Ke2 Rc3 29. Rb2 Rdd3 30. e4 Ne5 31. Na5 Re3+ 32. Kf1 Rxc5 33. Nxb7 Rc1+
34. Kg2 Re2+ 35. Kh3 Rh1 0-1

[Event "PRO League Group Stage"]
[Site "chess.com INT"]
[Date "2018.01.31"]
[Round "3"]
[White "Hambleton, Aman"]
[Black "Lenderman, Aleksandr"]
[Result "0-1"]
[WhiteTitle "IM"]
[BlackTitle "GM"]
[WhiteElo "2501"]
[BlackElo "2611"]
[WhiteTeam "Montreal Chessbrahs"]
[BlackTeam "Montclair Sopranos"]
[WhiteFideId "2606577"]
[BlackFideId "2021285"]
[EventDate "2018.01.18"]

1. d4 Nf6 2. Bf4 b6 3. e3 Bb7 4. c3 e6 5. Nd2 Be7 6. h3 O-O 7. Ngf3 Bd6 8. Bg5
h6 9. Bxf6 Qxf6 10. Bd3 Qd8 11. O-O Be7 12. e4 c5 13. a3 cxd4 14. cxd4 d5 15. e5
Ba6 16. Bxa6 Nxa6 17. Qa4 Qc8 18. Rfc1 Qb7 19. Qc6 Qxc6 20. Rxc6 Rfc8 21. Rac1
Rxc6 22. Rxc6 Kf8 23. Kf1 Ke8 24. Ke2 Kd7 25. Rc2 Nb8 26. h4 Nc6 27. Kd3 f6 28.
g3 Rf8 29. exf6 gxf6 30. Ng1 e5 31. Ne2 Bd6 32. Nb1 e4+ 33. Ke3 Ne7 34. Nbc3 Bb8
35. Kd2 f5 36. Rc1 f4 37. gxf4 Bxf4+ 38. Nxf4 Rxf4 39. Ke2 Rxh4 40. Rg1 Ke6 41.
Rg7 Nf5 42. Rxa7 Nxd4+ 43. Kd2 Rh2 44. Rb7 Rxf2+ 45. Ke1 Rxb2 46. Na4 Nf3+ 47.
Kd1 Rd2+ 48. Kc1 e3 49. Rxb6+ Ke5 50. Nc3 e2 51. Nxe2 Rxe2 52. Rxh6 d4 53. Rh8
d3 54. Re8+ Kf4 55. Rd8 Re1+ 0-1

[Event "PRO League Group Stage"]
[Site "chess.com INT"]
[Date "2018.01.31"]
[Round "3"]
[White "Hambleton, Aman"]
[Black "Smith, Daniel"]
[Result "1-0"]
[WhiteTitle "IM"]
[WhiteElo "2501"]
[BlackElo "2070"]
[WhiteTeam "Montreal Chessbrahs"]
[BlackTeam "Montclair Sopranos"]
[WhiteFideId "2606577"]
[BlackFideId "2024195"]
[EventDate "2018.01.18"]

1. d4 d5 2. c4 c6 3. Nf3 Nf6 4. e3 a6 5. Nc3 Bf5 6. Be2 e6 7. Nh4 Bg6 8. Nxg6
hxg6 9. Bd2 Bd6 10. g3 Nbd7 11. Qc2 Qe7 12. c5 Bc7 13. f4 g5 14. O-O gxf4 15.
exf4 b6 16. b4 a5 17. a3 O-O 18. Kg2 Rfb8 19. Bd3 Nf8 20. Rae1 Qd7 21. h3 g6 22.
g4 Re8 23. Na4 b5 24. Nc3 axb4 25. axb4 Kh8 26. Rf3 N8h7 27. Ref1 Rg8 28. Bc1
Bd8 29. Bb2 Be7 30. Ne2 Bf8 31. Re3 Re8 32. Ng1 Qc7 33. Qe2 Nd7 34. Nf3 Bg7 35.
Ne5 Nxe5 36. fxe5 Bh6 37. Ref3 Ng5 38. Rf6 Bg7 39. Qf2 Ref8 40. Bc1 Nh7 41. Rxf7
Qd8 42. Bxg6 Rxf7 43. Qxf7 Rf8 44. Qxe6 Rxf1 45. Kxf1 Qh4 46. Qf5 Qxh3+ 47. Ke2
Qg2+ 48. Kd3 Qh3+ 49. Be3 Bh6 50. g5 Bxg5 51. Qxh3 Kg7 52. Qxh7+ Kf8 53. Qf7# 1-0

[Event "PRO League Group Stage"]
[Site "chess.com INT"]
[Date "2018.01.31"]
[Round "3"]
[White "Demidov, Mikhail"]
[Black "Kovalenko, Igor"]
[Result "0-1"]
[WhiteTitle "IM"]
[BlackTitle "GM"]
[WhiteElo "2523"]
[BlackElo "2635"]
[WhiteTeam "Volga Stormbringers"]
[BlackTeam "Riga Magicians"]
[WhiteFideId "4197143"]
[BlackFideId "14117908"]
[EventDate "2018.01.18"]

1. d4 Nf6 2. Nf3 d5 3. Bf4 Bf5 4. e3 e6 5. c4 Bxb1 6. Qxb1 Bb4+ 7. Kd1 Ne4 8.
Qc2 Bd6 9. Bxd6 Qxd6 10. Bd3 f5 11. Ke2 O-O 12. Rhc1 c6 13. Rab1 a5 14. c5 Qe7
15. b4 axb4 16. Rxb4 Ra7 17. a4 Nd7 18. Rcb1 Ndf6 19. h3 Rfa8 20. Kf1 g5 21. Ne5
g4 22. hxg4 fxg4 23. Kg1 g3 24. fxg3 Qg7 25. Rf1 Qxg3 26. Qe2 Rxa4 27. Rxb7 Ra1
28. Rb8+ Rxb8 29. Rxa1 Ng5 30. Qe1 Nh3+ 31. Kh1 Nf2+ 32. Kg1 Nh3+ 33. Kh1 Nf2+
34. Kg1 Rb2 35. Ra8+ Kg7 36. Ra7+ Kh6 37. Nf7+ Kh5 38. Be2+ N6g4 39. Bxg4+ Qxg4
40. Qxf2 Rxf2 41. Kxf2 Qf5+ 42. Ke2 Qc2+ 43. Kf3 Qd1+ 44. Kf2 Qc2+ 45. Kf3 Qf5+
46. Ke2 Qg4+ 47. Kf2 Qg7 48. Rd7 Kh4 49. Ne5 Qg3+ 50. Kf1 Qxe3 51. Rxh7+ Kg5 52.
Rg7+ Kf5 53. Rf7+ Ke4 54. Nf3 Qc1+ 55. Kf2 Qc2+ 56. Kg3 Ke3 57. Rf6 Qe4 58. Kh2
Qh7+ 59. Kg1 e5 60. dxe5 d4 61. Rxc6 Qb1+ 62. Kh2 Kf2 63. Rf6 Qh7+ 64. Nh4+ Ke2
65. Kg3 d3 66. Nf3 Qg7+ 67. Kf4 Qxg2 68. Nd4+ Kf2 69. e6 d2 70. Ke5+ Ke3 71. e7
Qe4+ 72. Kd6 Qxd4+ 73. Ke6 Qe4+ 74. Kf7 d1=Q 75. e8=Q Qh5+ 0-1

[Event "PRO League Group Stage"]
[Site "chess.com INT"]
[Date "2018.01.31"]
[Round "3"]
[White "Demidov, Mikhail"]
[Black "Meskovs, Nikita"]
[Result "1-0"]
[WhiteTitle "IM"]
[BlackTitle "GM"]
[WhiteElo "2523"]
[BlackElo "2546"]
[WhiteTeam "Volga Stormbringers"]
[BlackTeam "Riga Magicians"]
[WhiteFideId "4197143"]
[BlackFideId "11602740"]
[EventDate "2018.01.18"]

1. d4 Nf6 2. Nf3 e6 3. c4 b6 4. e3 Bb7 5. Bd3 d5 6. Nc3 Nbd7 7. O-O Bd6 8. cxd5
exd5 9. Qc2 O-O 10. b3 a6 11. Bb2 Re8 12. Rac1 Qe7 13. Ne2 Rac8 14. Ng3 g6 15.
Qe2 b5 16. a4 c6 17. Rc2 Ne4 18. Rfc1 f5 19. axb5 cxb5 20. Rxc8 Rxc8 21. Rxc8+
Bxc8 22. Qc2 Bb7 23. Ne2 Qd8 24. Ne5 Ndf6 25. Nf4 Qa5 26. Qc1 Qb6 27. Be2 a5 28.
Nfd3 Qc7 29. f3 Qxc1+ 30. Nxc1 Ng5 31. Bxb5 Ne6 32. Bc3 Bc7 33. Ncd3 Kf8 34. Nc6
Bxc6 35. Bxc6 Ke7 36. g3 Ng5 37. Kg2 Ne6 38. Ba4 g5 39. h3 h5 40. Ne5 Nd8 41.
Bb5 Nb7 42. Bd3 Ke6 43. Nc6 Kd6 44. Ne5 Ke6 45. g4 hxg4 46. hxg4 fxg4 47. fxg4
Ne4 48. Bxe4 dxe4 49. Nc4 Kd5 50. Nd2 Nd6 51. Bb2 Ne8 52. Ba3 Nf6 53. Kh3 Bd8
54. Nb1 Ke6 55. Nc3 Bb6 56. Na4 Bc7 57. Nc3 Bb6 58. Bb2 Bc7 59. Ba3 Bd8 60. Bc5
Bc7 61. b4 axb4 62. Bxb4 Bb6 63. Na4 Ba7 64. Bd2 Nd5 65. Nc3 Nf6 66. Kg3 Bb8+
67. Kh3 Bd6 68. Nd1 Kd5 69. Ba5 Be7 70. Nf2 Ne8 71. Bb6 Bf6 72. Kg2 Nd6 73. Bc5
Nc4 74. Nd1 Nd2 75. Kf2 Kc4 76. Ke2 Nf3 77. Bd6 Kd5 78. Bg3 Kc4 79. Bd6 Bd8 80.
Bb8 Ba5 81. Nf2 Kd5 82. Nh3 Bd8 83. Bg3 Be7 84. Kf2 Bd8 85. Ke2 Be7 86. Bc7 Bf6
87. Nf2 Be7 88. Nd1 Bb4 89. Bd8 Be1 90. Bxg5 Nxg5 91. Kxe1 Kc4 92. Ke2 Ne6 93.
Nf2 Kd5 94. Nh3 Kc4 95. Nf4 Ng5 96. Kf2 Kc3 97. d5 Kc4 98. d6 Nf7 99. d7 Kc5
100. Ne6+ Kd6 101. d8=Q+ Nxd8 102. Nxd8 Kd7 103. Nb7 1-0

[Event "PRO League Group Stage"]
[Site "chess.com INT"]
[Date "2018.01.31"]
[Round "3"]
[White "Ashwin, Jayaram"]
[Black "Blit, Jacques"]
[Result "1-0"]
[WhiteTitle "GM"]
[BlackTitle "IM"]
[WhiteElo "2486"]
[BlackElo "2374"]
[WhiteTeam "Webster Windmills"]
[BlackTeam "Buenos Aires Krakens"]
[WhiteFideId "5018137"]
[BlackFideId "114839"]
[EventDate "2018.01.18"]

1. d4 Nf6 2. Nf3 g6 3. Bg5 Bg7 4. Nbd2 O-O 5. e3 c5 6. Bxf6 exf6 7. dxc5 Qa5 8.
Be2 f5 9. c3 Qxc5 10. O-O b6 11. Nb3 Qc7 12. Nfd4 a6 13. Bf3 Nc6 14. Qd2 Bb7 15.
Rad1 Rad8 16. Ne2 d5 17. g3 Ne5 18. Bg2 d4 19. exd4 Bxg2 20. Kxg2 Qb7+ 21. d5
Nc4 22. Qc2 Rxd5 23. Kg1 Ne5 24. Nbd4 Rfd8 25. Rfe1 b5 26. Qc1 h5 27. Qe3 Kh7
28. Nf4 Rxd4 29. Rxd4 Nf3+ 30. Qxf3 Qxf3 31. Rxd8 g5 32. Rd3 Qc6 33. Nxh5 Bh8
34. Rd8 b4 35. Ree8 Bf6 36. Nxf6+ Qxf6 37. Rh8+ 1-0

[Event "PRO League Group Stage"]
[Site "chess.com INT"]
[Date "2018.01.31"]
[Round "3"]
[White "Ashwin, Jayaram"]
[Black "Della Morte, German"]
[Result "1-0"]
[WhiteTitle "GM"]
[BlackTitle "IM"]
[WhiteElo "2486"]
[BlackElo "2353"]
[WhiteTeam "Webster Windmills"]
[BlackTeam "Buenos Aires Krakens"]
[WhiteFideId "5018137"]
[BlackFideId "113522"]
[EventDate "2018.01.18"]

1. d4 Nf6 2. Nf3 e6 3. Bf4 c5 4. e3 d5 5. c3 Bd6 6. Bg3 O-O 7. Nbd2 Nc6 8. Bb5
Bxg3 9. hxg3 Qb6 10. Bxc6 bxc6 11. Qc2 Ba6 12. Ne5 g6 13. Nb3 cxd4 14. cxd4 Ne4
15. O-O-O Rfc8 16. Nd7 Qb4 17. Nbc5 Bc4 18. a3 Qb5 19. Rh6 Nxc5 20. Nxc5 Kg7 21.
Rdh1 Rh8 22. b3 Bf1 23. a4 Qa5 24. R6h2 Qe1+ 25. Qd1 Qxf2 26. Rxf1 Qxg3 27. Rh3
Qxg2 28. Rhf3 f5 29. Nxe6+ Kf6 30. R1f2 Qg4 31. Nc5 Kg7 32. Ne6+ Kg8 33. Qc2 Kf7
34. Qxc6 Rac8 35. Nc7 Qe4 36. Kb2 Rhd8 37. Rh3 Kg7 38. Qb7 Rb8 39. Qxa7 Kg8 40.
Nb5 h5 41. Rg3 Qe6 42. Rfg2 Rb6 43. a5 Rc6 44. Rxg6+ Qxg6 45. Rxg6+ Rxg6 46. Qe7
Rb8 47. Nd6 Rg2+ 48. Kc3 Rg7 49. Qe6+ Kh8 50. Nxf5 Rc7+ 51. Kb2 Rcb7 52. Qxd5
Kh7 53. a6 Rc7 54. Qe4 Kg6 55. Ng3+ 1-0

[Event "PRO League Group Stage"]
[Site "chess.com INT"]
[Date "2018.01.31"]
[Round "3"]
[White "Della Morte, German"]
[Black "Rosen, Eric"]
[Result "1/2-1/2"]
[WhiteTitle "IM"]
[BlackTitle "IM"]
[WhiteElo "2353"]
[BlackElo "2364"]
[WhiteTeam "Buenos Aires Krakens"]
[BlackTeam "Webster Windmills"]
[WhiteFideId "113522"]
[BlackFideId "2032562"]
[EventDate "2018.01.18"]

1. e4 c5 2. Nf3 Nc6 3. d4 cxd4 4. Nxd4 g6 5. Nc3 Bg7 6. Be3 Nf6 7. Bc4 O-O 8.
Bb3 Re8 9. O-O d6 10. h3 Na5 11. Re1 b6 12. Bg5 Nxb3 13. axb3 Bb7 14. Qd3 Nd7
15. Nd5 Nc5 16. Qe3 Ne6 17. Nxe6 fxe6 18. Nc3 Qd7 19. Bh6 Bf6 20. Qd3 Qc6 21.
Nd1 Qc5 22. c3 Qh5 23. Be3 Rec8 24. Bd4 e5 25. Be3 Qh4 26. Bd2 Rf8 27. f3 Kh8
28. Ne3 Bc8 29. Qd5 Bd7 30. Qb7 Be6 31. Rxa7 Rab8 32. Qa6 Bg5 33. Qe2 Bf4 34. b4
Ra8 35. Rb7 Qg5 36. Kh1 Ra2 37. Bc1 Ra1 38. Bd2 Ra2 39. Rb1 Rfa8 40. Nf1 Ra1 41.
Bxf4 Qxf4 42. Rxa1 Rxa1 43. Rxe7 Bg8 44. Re8 Qf7 45. Rc8 Kg7 46. Kg1 Qb3 47.
Rc7+ Bf7 48. Qd2 Qe6 49. Kf2 b5 50. Ne3 Qf6 51. g3 h5 52. h4 Kg8 53. Nd5 Qe6 54.
Qh6 Ra8 55. Ne7+ Qxe7 56. Rxe7 Rf8 57. Rd7 d5 58. exd5 e4 59. Rd6 Be8 60. Rxg6+
Bxg6 61. Qxg6+ Kh8 62. Qxe4 Rf7 63. Qe8+ Kg7 64. d6 Kh6 65. Qh8+ Kg6 66. Qe5 Kh6
67. Qg5+ Kh7 68. Qxh5+ Kg8 69. Qxf7+ Kh8 70. h5 1/2-1/2

[Event "PRO League Group Stage"]
[Site "chess.com INT"]
[Date "2018.01.31"]
[Round "3"]
[White "Della Morte, German"]
[Black "Shimanov, Aleksandr"]
[Result "1/2-1/2"]
[WhiteTitle "IM"]
[BlackTitle "GM"]
[WhiteElo "2353"]
[BlackElo "2641"]
[WhiteTeam "Buenos Aires Krakens"]
[BlackTeam "Webster Windmills"]
[WhiteFideId "113522"]
[BlackFideId "4198603"]
[EventDate "2018.01.18"]

1. e4 c6 2. d4 d5 3. e5 Bf5 4. Nf3 e6 5. Be2 Ne7 6. O-O Bg6 7. a4 c5 8. a5 a6 9.
c4 Nbc6 10. dxc5 d4 11. Qa4 d3 12. Bd1 Nf5 13. b4 Be7 14. Nbd2 O-O 15. Bb2 Nfd4
16. Re1 Nc2 17. Bxc2 dxc2 18. Rac1 Qd7 19. Qb3 Rfd8 20. Bc3 h6 21. Rxc2 Bxc2 22.
Qxc2 Qd3 23. Qxd3 Rxd3 24. Ne4 Rad8 25. Kf1 Rxc3 26. Nxc3 Nxb4 27. Rb1 Bxc5 28.
Ne4 Bf8 29. c5 Nd3 30. Rxb7 Nxc5 31. Nxc5 Bxc5 32. Rc7 Bb4 33. Ra7 Bxa5 34. Rxa6
Bc3 35. Rc6 Bd4 36. Rc4 Bb2 37. Rb4 Ba3 38. Rb3 Bc5 39. Rb5 Rd5 40. Rb8+ Kh7 41.
Rb7 Kg8 42. Rb8+ Bf8 43. Ke2 g6 44. Rb2 Kg7 45. Rd2 Ra5 46. Rb2 Bc5 47. Rc2 Bb6
48. Rb2 Ba7 49. h4 Bc5 50. g3 Ba7 51. Kf1 Rd5 52. Ke2 Ra5 53. Kf1 Bc5 54. Ke2
Be7 55. Kf1 Bd8 56. Rc2 Bb6 57. Ke2 Rb5 58. Kf1 Ba7 59. Kg2 Bb8 60. Re2 Kf8 61.
Kh3 Ke7 62. Kg2 Bc7 63. Kh3 h5 64. Kg2 Bb6 65. Kf1 Rb1+ 66. Kg2 Ba5 67. Ra2 Bd8
68. Ra7+ Ke8 69. Ng5 Bxg5 70. hxg5 Rb2 71. Ra8+ Ke7 72. Ra7+ Kf8 73. Ra8+ Kg7
74. Ra7 Re2 75. Ra5 Kf8 76. Kf3 Re1 77. Kf4 Re2 78. Kf3 Rb2 79. Ra8+ Kg7 80. Ra5
Rb4 81. Kg2 Rg4 82. f4 h4 83. Kh3 Rxg3+ 84. Kxh4 Rg1 85. Ra8 Rg2 86. Kh3 Rg1 87.
Kh4 Rc1 88. Kg4 Rc3 89. Kh4 1/2-1/2

[Event "PRO League Group Stage"]
[Site "chess.com INT"]
[Date "2018.01.31"]
[Round "3"]
[White "Ramirez, Alejandro"]
[Black "Rosenthal, Nicholas"]
[Result "1-0"]
[WhiteTitle "GM"]
[WhiteElo "2568"]
[BlackElo "2169"]
[WhiteTeam "Saint Louis Arch Bishops"]
[BlackTeam "Miami Champions"]
[WhiteFideId "6500617"]
[BlackFideId "2045150"]
[EventDate "2018.01.18"]

1. Nf3 d5 2. c4 e6 3. b3 Nf6 4. g3 c6 5. Bg2 Bd6 6. O-O O-O 7. Bb2 Nbd7 8. d3 e5
9. e3 Re8 10. Nbd2 b6 11. Rc1 Bf8 12. Rc2 a5 13. a3 Ba6 14. Qa1 Bd6 15. Rfc1 Qe7
16. cxd5 cxd5 17. Bf1 Bb7 18. Bh3 Ba6 19. Ne1 Rad8 20. Bf1 Bb7 21. Bg2 Ba6 22.
Ndf3 Nc5 23. Bxe5 Nxb3 24. Bxf6 gxf6 25. Qb1 Nxc1 26. Rxc1 Bxa3 27. Rc6 Bb4 28.
Rxb6 Rd6 29. Rxb4 axb4 30. Qxb4 Rc6 31. Qg4+ Kh8 32. h4 Rc1 33. Kh2 Rg8 34. Qf4
Bc8 35. e4 Rb1 36. exd5 Rg4 37. Qd2 Rgb4 38. Nc2 R4b2 39. Qc3 Bf5 40. Nd2 Kg7
41. Nxb1 Rxb1 42. Ne3 Bd7 43. Qc7 Qe8 44. Be4 Kg8 45. Qf4 Qd8 46. Qh6 f5 47.
Nxf5 Bxf5 48. Bxf5 Qc7 49. d6 Qb7 50. Bxh7+ 1-0

[Event "PRO League Group Stage"]
[Site "chess.com INT"]
[Date "2018.01.31"]
[Round "3"]
[White "Ramirez, Alejandro"]
[Black "Quesada Perez, Yuniesky"]
[Result "1-0"]
[WhiteTitle "GM"]
[BlackTitle "GM"]
[WhiteElo "2568"]
[BlackElo "2627"]
[WhiteTeam "Saint Louis Arch Bishops"]
[BlackTeam "Miami Champions"]
[WhiteFideId "6500617"]
[BlackFideId "3504409"]
[EventDate "2018.01.18"]

1. Nf3 d5 2. c4 e6 3. b3 Nf6 4. g3 b6 5. Bg2 Bb7 6. O-O g6 7. d4 Nbd7 8. Nc3 Bg7
9. Ba3 dxc4 10. bxc4 c5 11. Rb1 Ne4 12. Na4 Qc7 13. d5 exd5 14. cxd5 O-O 15. Nd2
Nd6 16. Qc2 Ba6 17. Rfe1 Rfe8 18. Nc3 Rad8 19. Bb2 Ne5 20. Nce4 Nf5 21. Qa4 Bb7
22. Qxa7 Ra8 23. Bxe5 Bxe5 24. Qxb6 Qxb6 25. Rxb6 Bxd5 26. Nf6+ Bxf6 27. Bxd5
Rad8 28. Rxf6 Rxd5 29. Nf3 Nd4 30. Kf1 Kg7 31. Rf4 Nxf3 32. Rxf3 Rd2 33. a3 Rc2
34. h4 h5 35. Rb1 Rcxe2 36. Rb7 Re1+ 37. Kg2 R8e7 38. Rxe7 Rxe7 39. a4 Ra7 40.
Rf4 Rc7 41. Kf3 c4 42. Ke2 c3 43. Kd1 c2+ 44. Kc1 Rc5 45. Rb4 Rc3 46. Re4 Kf6
47. Re3 Rc4 48. Ra3 Ke6 49. a5 Kd6 50. a6 Rc8 51. a7 Ra8 52. Kxc2 Kc6 53. Kd3
Kb7 54. Ke4 Re8+ 55. Kf4 Ka8 56. Kg5 Re6 57. Rf3 f5 58. Ra3 Rd6 59. f3 Re6 60.
Kf4 Rc6 61. Kg5 Re6 62. Kh6 Rd6 63. Kg7 Rc6 64. Kf7 Rd6 65. f4 Rc6 66. Re3 Kxa7
67. Re6 Rc7+ 68. Kxg6 Rc3 69. Kxf5 Rxg3 70. Rh6 Kb7 71. Rxh5 Kc7 72. Rg5 Rh3 73.
h5 Kd7 74. Kg6 Ke7 75. Kg7 Rf3 76. f5 Ke8 77. h6 1-0

[Event "PRO League Group Stage"]
[Site "chess.com INT"]
[Date "2018.01.31"]
[Round "3"]
[White "Tiglon, Bryce"]
[Black "Brown, Michael William"]
[Result "0-1"]
[WhiteTitle "IM"]
[BlackTitle "IM"]
[WhiteElo "2385"]
[BlackElo "2506"]
[WhiteTeam "Seattle Sluggers"]
[BlackTeam "San Diego Surfers"]
[WhiteFideId "2087456"]
[BlackFideId "2037602"]
[EventDate "2018.01.18"]

1. e4 e5 2. Nf3 Nc6 3. Bb5 a6 4. Ba4 b5 5. Bb3 Na5 6. O-O d6 7. d4 Nxb3 8. axb3
f6 9. Nc3 Bb7 10. Qd3 Ne7 11. Bd2 c5 12. dxc5 dxc5 13. Qe3 Ng6 14. Nd5 Bxd5 15.
Ba5 Qb8 16. exd5 Bd6 17. Bd2 O-O 18. h3 h6 19. Ne1 Nf4 20. Qf3 Ng6 21. Qg4 Kh7
22. Qf5 Qc8 23. Qxc8 Rfxc8 24. c4 f5 25. f3 e4 26. fxe4 fxe4 27. Nc2 Rcb8 28.
Bc3 Ra7 29. Rfe1 b4 30. Bd2 Re8 31. Re2 a5 32. Be3 Raa8 33. Bd2 Re7 34. Rae1
Rae8 35. Be3 Ne5 36. Ra1 Ra8 37. Bf4 Nxc4 38. Bxd6 Nxd6 39. Ne3 Nb5 40. Rd1 Nd4
41. Ree1 Rd8 42. Nc4 Nxb3 43. d6 Re6 44. Rd5 a4 45. d7 Nd4 46. Ne5 Re7 47. Rxc5
a3 48. Rxe4 a2 49. Ra5 Nb3 50. Rxa2 Rdxd7 51. Rxb4 Rd1+ 52. Kh2 Nd2 53. Ra5 Nf1+
54. Kg1 Rc7 55. Nf3 Rc2 56. Rd4 Ne3+ 57. Kh2 Rxg2# 0-1

[Event "PRO League Group Stage"]
[Site "chess.com INT"]
[Date "2018.01.31"]
[Round "3"]
[White "Cornette, Deimante"]
[Black "Ansell, Simon T"]
[Result "1-0"]
[WhiteTitle "IM"]
[BlackTitle "IM"]
[WhiteElo "2439"]
[BlackElo "2340"]
[WhiteTeam "Cannes Blockbusters"]
[BlackTeam "London Towers"]
[WhiteFideId "12802859"]
[BlackFideId "402141"]
[EventDate "2018.01.18"]

1. e4 c5 2. Nf3 Nc6 3. Nc3 Nd4 4. Bb5 a6 5. Bd3 g6 6. Nxd4 cxd4 7. Ne2 Bg7 8. f4
d6 9. h3 Nf6 10. O-O Nd7 11. b3 Nc5 12. Bb2 O-O 13. Qe1 f5 14. Bc4+ Kh8 15. Bxd4
Nxe4 16. Bxg7+ Kxg7 17. d3 Nf6 18. b4 b5 19. Bb3 Qb6+ 20. Kh2 Ra7 21. a4 Rc7 22.
axb5 axb5 23. Ra5 Bb7 24. Qf2 Qxf2 25. Rxf2 Ra8 26. Rxb5 Bc6 27. Nd4 Bd7 28.
Ne6+ Bxe6 29. Bxe6 Ra1 30. Bc4 h5 31. g3 h4 32. gxh4 Nh5 33. Ra5 Rb1 34. b5 e5
35. fxe5 dxe5 36. Bb3 Kh6 37. b6 Rb7 38. Rb5 f4 39. c4 Ng3 40. c5 Nf1+ 41. Rxf1
Rxf1 42. c6 f3 43. cxb7 f2 44. Kg2 1-0